000 00569 a2200229 4500
005 20260401120054.0
008 260324b |||||||| |||| 00| 0 eng d
020 _a9788197179525
_cRs. 495.00
040 _aMAIN
082 _a338.4791
_bS58F
100 _aSanjeev Kumar
245 _aFundamentals of tourism
250 _a
260 _bThe Hospitality Press
_c2024
_aNew Delhi
300 _a108
650 _aHotel Management
650 _aTourism
650 _aHospitality Industry
700 _aDinesh Kumar
700 _aAmit Kumar
942 _cBK
999 _c395648
_d395648